Southville International School and Colleges
Your cart is empty.
  • Cart
  • Lists
    Public lists list_1 View all
    Your lists Log in to create your own lists
  • Log in to your account
  • Your cookies
  • Search history
Southville International School and Colleges
  • Advanced search
  • Recent comments
  • Most popular
  • Libraries

Log in to your account

Log in with GOOGLE


If you do not have an external account, but do have a local account, you can still log in:

  1. Home
  2. MARC view: What your 2nd grade needs to know /
Normal view MARC view ISBD view

What your 2nd grade needs to know / (Record no. 101948)

[ view plain ]
MARC details
000 -LEADER
fixed length control field 00573nam a2200181 a 4500
005 - DATE AND TIME OF LATEST TRANSACTION
control field 20140412111222.0
008 - FIXED-LENGTH DATA ELEMENTS--GENERAL INFORMATION
fixed length control field 020410s19uu xx 00 eng d
020 ## - INTERNATIONAL STANDARD BOOK NUMBER
International Standard Book Number 0-385-41116-2
050 ## - LIBRARY OF CONGRESS CALL NUMBER
Classification number TR(GS 372.19
Item number W42 1991
245 ## - TITLE STATEMENT
Title What your 2nd grade needs to know /
Statement of responsibility, etc edited by E. D. Hirsch Jr.
250 ## - EDITION STATEMENT
Edition statement 1st Ed.
260 ## - PUBLICATION, DISTRIBUTION, ETC. (IMPRINT)
Place of publication, distribution, etc New York :
Name of publisher, distributor, etc Double Day,
Date of publication, distribution, etc 1991.
300 ## - PHYSICAL DESCRIPTION
Extent viii p. ; 318 p.
440 ## - SERIES STATEMENT/ADDED ENTRY--TITLE
Title The Core Knowledge Series
650 ## - SUBJECT ADDED ENTRY--TOPICAL TERM
Topical term or geographic name as entry element Second grade
General subdivision Education
-- United States
-- Curricula
650 ## - SUBJECT ADDED ENTRY--TOPICAL TERM
Topical term or geographic name as entry element Curriculum planning
General subdivision United States
Holdings
Withdrawn status Lost status Damaged status Home library Current library Shelving location Date acquired Source of acquisition Total Checkouts Full call number Barcode Date last seen Price effective from Koha item type
      Elizalde Library Elizalde Library Teachers Reference Section 04/10/2002     TR(GS 372.19 W42 1991 E0159 04/12/2014 04/12/2014 Books

What your 2nd grade needs to know /

APA

(1991). What your 2nd grade needs to know. New York: Double Day.

Chicago

1991. What your 2nd grade needs to know. New York: Double Day.

Harvard

(1991). What your 2nd grade needs to know. New York: Double Day.

MLA

What your 2nd grade needs to know. New York: Double Day. 1991.

  • Place hold
  • Print
  • Cite
  • Add to your cart (remove)
  • Save record
    BIBTEX Dublin Core MARCXML MARC (non-Unicode/MARC-8) MARC (Unicode/UTF-8) MARC (Unicode/UTF-8, Standard) MODS (XML) RIS
  • More searches
    Search for this title in:
    Other Libraries (WorldCat) Other Databases (Google Scholar) Online Stores (Bookfinder.com) Open Library (openlibrary.org)

Exporting to Dublin Core...

SOUTHVILLE LIBRARY

Southville International School and Colleges Library

1281 Tropical Ave. Cor. Luxembourg St., BF Homes International, Las Pinas City

Tel. No. 8256374 / 252358 Loc. 117/146

Powered by Koha